[Event "Asia-ch 4th"]
[Site "Doha"]
[Date "2003.03.01"]
[Round "8"]
[White "Zagrebelny, Sergey"]
[Black "Villamayor, Buenaventura"]
[Result "1-0"]
[WhiteElo "2540"]
[BlackElo "2489"]
[Annotator "Psakhis,L"]
[PlyCount "69"]
[EventDate "2003.02.22"]
[EventType "swiss"]
[EventRounds "9"]
[EventCountry "QAT"]
[SourceTitle "CBM 094"]
[Source "ChessBase"]
[SourceDate "2003.05.26"]
[SourceVersion "1"]
[SourceVersionDate "2003.05.26"]
[SourceQuality "1"]

1. e4 e6 2. d4 d5 3. Nd2 c5 4. Ngf3 {Very popular move in modern practice.}
cxd4 5. Nxd4 Nf6 ({I would prefer} 5... Nc6 $5 6. Bb5 Bd7 {with very good
chances for equalization, but move in the game leads , at least , to more
complicated game.}) 6. exd5 Nxd5 7. N2f3 Bb4+ (7... Be7 $5 8. Bd3 (8. g3 $5))
8. Bd2 Bxd2+ (8... O-O 9. Bc4 Bc5 10. c3 b6 11. Bg5 Qe8 12. O-O Bb7 13. Re1 $14
{1/2-1/2 Delgado,N-Vallejo Pons,F/Havana Capablanca-B 1999 (19)}) 9. Qxd2 O-O
10. c4 $146 {New move, but it doesn't look too dangerous for Black. Worth
consideration old and good move} (10. Bc4 $5 {with possible continuation} b6 (
10... Nb6 11. Be2 Qf6 12. Qe3 Nd5 13. Qe5 Qe7 14. O-O-O Nd7 15. Qg5 $14 {
Kengis,E-Glek,I/Zillertal op 1993/1-0 (63)}) 11. O-O-O Bb7 12. Rhe1 Qc8 (12...
Qc7 $5) 13. Bxd5 Bxd5 14. Nf5 $5 exf5 (14... Qc5 15. Ne7+ Qxe7 16. Qxd5 $14)
15. Qxd5 $36 {1/2-1/2 Kengis,E-Glek,I/Bonn 1993/[Kengis] (19)}) 10... Nb6 {
[%csl Rb6] Surely, it is not a best place for knight - do you remember Dr.
Tarrasch opinion about position of knight on b6!?} (10... Nf6 $5 {looks more
natural.}) 11. O-O-O (11. Be2 $5 {[%cal Ge1g1]}) 11... Qf6 12. Qe3 Bd7 {
[%cal Gf8c8]} 13. Ne5 Rc8 14. Kb1 Be8 15. Be2 (15. f4 $5) (15. Bd3) 15... N8d7
{Finalised the development of all pieces} 16. Ndf3 ({It is not so easy
correctly evaluate position after} 16. f4 Nxe5 17. fxe5 Qe7 $13) 16... Qe7 17.
Nxd7 Bxd7 18. b3 f6 $1 {[%cal Ge6e5] It's became clear after this simple, but
strong move, that Black successfully solved all opening problems.} 19. Nd4 e5
20. Bf3 $5 Rc7 21. Rd2 Re8 (21... Qb4 $5 22. Nc2 Bf5 $13) 22. Nc2 f5 {Black's
position is quite nice, but he still has some problems with pssive position of
the knight.} 23. Rhd1 f4 $5 24. Qc3 (24. Qe4 Bc6) 24... e4 (24... Bf5 $5 {
[%cal Gb6d7]}) 25. Bh5 (25. Re2 Bf5) 25... Rf8 26. Re1 Bf5 (26... Qg5 $5 27.
Bd1 Qxg2 $13) 27. Ka1 e3 $6 {I don't like this move. Black has nothing to
worry about after} (27... Qg5 $5 28. Bd1 Qxg2 29. Nd4 Re7 $5) ({or} 27... Qh4
$5) 28. fxe3 ({Immediate was better option.} 28. Bf3 $5 $14) 28... Bxc2 29.
Rxc2 Nd5 $5 30. Qb2 (30. exf4 Nxc3 31. Rxe7 Rxe7 32. Rxc3 Rxf4 $17) 30... Nxe3
31. Rce2 Qh4 $2 {Black rightly decided to improve position of his queen, but
this is the right quite poorly executed! Black could get nice position after} (
31... Qc5 32. Bf3 b5 $5 $15) 32. Bf3 Qxh2 $4 {[%mdl 8192] Terrible blunder!} (
32... Re7 $1 $13 {still could keep balance on the board.}) 33. Qe5 $1 $18 {
[%cal Re5c7,Re2e3]} Qh4 (33... Rcf7 34. Rxe3 $18) 34. Qxc7 Qf6+ 35. Kb1 (35.
Rb2 $4 Nc2+) 1-0

[Event "Hamburg-ch int"]
[Site "Hamburg"]
[Date "1999.05.29"]
[Round "8.2"]
[White "Hansen, Sune Berg"]
[Black "Lamprecht, Frank"]
[Result "1-0"]
[WhiteElo "2499"]
[BlackElo "2399"]
[Annotator "Psakhis,L"]
[PlyCount "47"]
[EventDate "1999.05.22"]
[EventType "swiss"]
[EventRounds "9"]
[EventCountry "GER"]
[SourceTitle "CBM 072"]
[Source "ChessBase"]
[SourceDate "1999.10.01"]
[SourceVersion "1"]
[SourceVersionDate "1999.10.01"]
[SourceQuality "1"]

{[%mdl 128]} 1. e4 e6 2. d4 d5 3. Nd2 c5 4. Ngf3 cxd4 5. exd5 Qxd5 6. Bc4 Qd6
7. O-O Nf6 8. Nb3 Nc6 9. Qe2 {Rather dangerous line for black needs further
search and much better then it,s reputation} Be7 {Best move according to
modern theory, much weaker is} (9... Bd7 10. Rd1 O-O-O $2 11. Nbxd4 Nxd4 12.
Rxd4 Qc7 13. Bf4 Qb6 14. Qe5 {1-0 Rozentalis-Shulman/Riga 1986 (14)}) 10. Bg5
a6 ({Unfortunately black can,t keep pawn-} 10... e5 11. Bb5 O-O 12. Rfe1 e4 13.
Bxc6 bxc6 14. Bxf6 Bxf6 15. Qxe4 Be6 16. Nfxd4 Bd5 17. Qd3 $14 {and already
white had material advantage- 1/2-1/2 Zapata,A-Moran,A/New York op 1993 (33)})
11. Rfe1 b5 12. Bd3 Bb7 13. Rad1 O-O 14. c3 Ra7 $6 $146 {New and bad move.} ({
white,s chances are better and after} 14... Nd5 15. cxd4 Nf4 16. Bxf4 Qxf4 17.
Be4 Rad8 18. Nc5 $1 Nxd4 19. Rxd4 Rxd4 20. Nxb7 Rd7 21. g3 Qc7 22. Ne5 $1 $16 {
1-0 Zapata,A-Lima,D/Capablanca mem-A 1994/ (30)}) ({but} 14... Rac8 $5 15. Bb1
Rfd8 16. Nbxd4 Nxd4 17. Nxd4 Qc5 18. Be3 Qc7 19. a3 Nd5 20. Bc1 Bc5 {1/2-1/2
Ivanov,A-Gulko,B/Key West ch-USA 1994 (20)}) ({or} 14... Rfe8 $5 15. Bb1 Qc7
16. Nbxd4 Nxd4 17. Nxd4 Rad8 18. Qd3 g6 19. Qh3 Nh5 20. Bh6 Bf6 21. Qg4 e5 $15
{Zapata,A-Dolmatov,S/Tilburg 1993/1/2-1/2 (52) promiced not bad chances for
black.}) 15. Bb1 Nd5 ({Possibly stronger} 15... Rd8 {and after} 16. Nbxd4 Nxd4
17. Nxd4 (17. Rxd4 Bd5) 17... Qd5 {still not so easy to prove white advantage,
for example} 18. Nf3 Qc4 $8 (18... Qc6 19. Bxf6 Rxd1 (19... Bxf6 20. Rxd8+ Bxd8
21. Qd3 $18) 20. Bxe7 Rxe1+ 21. Nxe1 $18) 19. Qe3 Bxf3 20. Rxd8+ Bxd8 $14 21.
Bxf6 $140 Qg4 $1 22. Qxf3 (22. g3 gxf6 $19) 22... Qxf3 23. gxf3 Bxf6 $15) 16.
Nbxd4 Bxg5 $2 {Another easy-minded move, much tougherwas to play} (16... Nxd4
$142 17. Rxd4 g6) 17. Nxg5 g6 $8 {Now Black needs good advice, white wins easy
after} (17... h6 18. Qc2 f5 (18... Nf6 19. Nh7 $1 Ng4 20. Nf3 $18) (18... g6
19. Nxf7 $1 Rxf7 20. Qxg6+ Rg7 21. Qe8+ Qf8 22. Qxf8+ Kxf8 23. Nxe6+ $18 {
[%csl Rd5,Rg7]}) 19. Ngxe6 Nxd4 20. Nxd4 $18) 18. Qd3 {[%csl Rg8][%cal Gd3h3]}
({Deserves attention also} 18. Ndxe6 fxe6 19. Qxe6+ Qxe6 20. Nxe6 Nce7 21. Nxf8
Kxf8 22. Be4 $16) 18... Qe7 (18... Nf4 19. Qg3 Qb8 20. Qh4 $16) 19. Nxh7 $1 $18
{Final blow} Kxh7 (19... Re8 20. Nxe6 $1 Nf4 $1 (20... fxe6 21. Qxg6+ Kh8 22.
Ng5 $18) 21. Qg3 Nxe6 (21... Nxg2 22. Bxg6 $1 (22. Rd7 $1) 22... Kh8 23. Bxf7
Qxf7 24. Nhg5 $18) 22. Rd7 {[%csl Rf6]} Kxh7 (22... Qxd7 23. Nf6+) 23. Bxg6+
Kg7 (23... fxg6 24. Rxe6 $1 Qxd7 25. Qxg6+ Kh8 26. Qh6+ Kg8 27. Rg6+ $18) 24.
Rxe7 Rxe7 (24... Nxe7 25. Rxe6) 25. Bf5+ Kf6 26. Be4 $18) 20. Nxe6 Nd8 (20...
fxe6 21. Qxg6+ Kh8 22. Qh6+ Kg8 23. Rxe6 $18) (20... Qxe6 $142 $8 21. Rxe6 Nf4
22. Qg3 Nxe6 (22... fxe6 23. Rd7+ Kg8 24. Qh4) 23. Rd7 $16 {[%cal Rg3g6]} (23.
Bxg6+ $5 fxg6 24. Qh3+)) 21. Nxf8+ Qxf8 22. Qd4 Ra8 23. Rd3 f6 (23... Kg8 24.
Rh3 f6 25. Bxg6 $18) 24. Rg3 1-0

[Event "Ordzhonikidze zt 1.9"]
[Site "Ordzhonikidze"]
[Date "2000.06.09"]
[Round "1"]
[White "Berelowitsch, Alexander"]
[Black "Savchenko, Stanislav"]
[Result "1-0"]
[WhiteElo "2505"]
[BlackElo "2574"]
[Annotator "Psakhis,L"]
[PlyCount "76"]
[EventDate "2000.06.09"]
[EventType "swiss"]
[EventRounds "9"]
[EventCountry "UKR"]
[SourceTitle "CBM 078"]
[Source "ChessBase"]
[SourceDate "2000.10.18"]
[SourceVersion "1"]
[SourceVersionDate "2000.10.18"]
[SourceQuality "1"]

1. e4 e6 2. d4 d5 3. Nd2 c5 4. exd5 Qxd5 5. Ngf3 cxd4 6. Bc4 Qd6 7. O-O Nf6 8.
Nb3 Nc6 9. Nbxd4 Nxd4 10. Nxd4 a6 11. Bb3 Qc7 12. Re1 Bd6 13. h3 $5 {Maybe
this modest and not very popular move promises better chances for White than
the well known} (13. Nf5 Bxh2+ 14. Kh1 O-O 15. Nxg7 Rd8 16. Qf3 Kxg7 17. Bh6+
Kg6 18. c3 Nh5 $1 19. Re4 $6 Kxh6 20. Rh4 Qe5 21. Qxf7 Rd7 22. Qf8+ Qg7 23. Qf3
Qf7 24. Qg4 Qg6 25. Qh3 Bc7 $19 {0-1 Berelovich,A-Barsov,A/Dieren op 1999 (34)}
) 13... O-O 14. Bg5 Bf4 (14... b5 $5 15. c3 Bb7 16. Bc2 Nd5 17. Qg4 Rfe8 18.
Qh4 g6 19. Be4 f5 $1 20. Bc2 e5 {Black got a good position in the game 1/2-1/2
Akopian,V-Levitt,J/Groningen op 1990 (30), but surely it is possible to find
an improvement for White.}) (14... Be5 15. c3 h6 16. Nf3 $1 Bxc3 17. Rc1 Qd7
18. Rxc3 Qxd1 19. Rxd1 hxg5 20. Nxg5 Bd7 21. Rc7 Bc6 22. Nxf7 Rxf7 23. Bxe6
Raf8 24. Rxf7 Rxf7 25. Rd8+ Ne8 26. f4 $18 {1-0 Berelovich,A-Barsov,A/
Hoogeveen VAM op 1999 (40)}) 15. Bxf6 gxf6 {Here Black's pawn formation is
seriously compromised on the kingside} 16. Qh5 Kh8 17. Nf3 $1 (17. c3 Rg8 18.
Bd1 Bd7 19. Bf3 Rg6 20. Ne2 Be5 21. g3 Rag8 22. Kg2 f5 23. Rad1 Be8 24. Nd4 Bf6
$36 {1/2-1/2 Vorobiov,E-Lastin,A/RUS-Cup Tula 1999 (58)}) 17... Rg8 18. Re4 b5
19. Qh4 Bg5 20. Nxg5 Rxg5 21. Rg4 $1 Rxg4 22. hxg4 Qf4 (22... Qe7 23. c3 {
[%cal Rb3c2]} e5 $8 24. Bc2 e4 25. Re1 Bb7 26. f3 $16) 23. Rd1 Kg7 24. Qh2 $5 {
I was amazed to discover afterwards that all this is all known already and had
been played in tournament practice} (24. c3 Bb7 25. Bc2 Be4) 24... Qe4 $146 ({
The ending doesn't promise too many chances for defence for Black -} 24...
Qxh2+ 25. Kxh2 Ra7 26. Kg3 Rc7 27. c3 Bb7 28. f3 Bc8 29. Rd6 Kg6 30. Bc2+ Kg7
31. Be4 Ra7 32. Kf2 $16 {1-0 Korneev,O-Jove Rey,D/La Coruna op 2000 (38)}) 25.
Qg3 {[%cal Gg4g5]} Ra7 $6 ({It was almost obligatory to stop white's activity
with} 25... h6 $5 $14) 26. Rd8 Bd7 27. g5 $1 $16 {[%csl Rg7]} Bc6 $2 (27... f5
28. Qh3 Qe1+ 29. Kh2 Qe5+ 30. g3 $18 {[%cal Rh3h6]}) (27... Qe5 $142 $1 28.
gxf6+ Kxf6 29. Qxe5+ Kxe5 30. Rh8 Bc6 31. Rxh7 Rd7) 28. gxf6+ $2 (28. Rg8+ Kxg8
29. gxf6+ Kf8 30. Qd6+ Ke8 31. Qb8+ Kd7 32. Qxa7+ Bb7 33. f3 Qe1+ $11) ({After
} 28. Rc8 $142 $1 $18 {Berelovich could win game quite easy, for example} Rd7
$140 $4 29. Rg8+ $1 Kxg8 30. gxf6+) 28... Kxf6 29. Qc3+ (29. Rg8 Qe1+ 30. Kh2
Qe5 $1 31. Qxe5+ Kxe5 $11) 29... Ke7 30. f3 Qf5 $6 (30... Qf4 $1 {was a better
chance for Black, but White keeps a clear advantage after} 31. Rd4 (31. Rc8 Rc7
32. Qc5+ (32. Rxc7+ Qxc7 $11) 32... Kd7 $11 {[%csl Gf4]}) 31... Qg5 32. Qb4+
Ke8 33. Rg4 $40) 31. Rg8 Rc7 (31... Rd7 32. Qxc6 Rd1+ 33. Kf2 $18) 32. Qb4+ Kd7
33. Qf8 $2 {The second time already White missed a forced victory -} (33. Qd4+
$5 Bd5 34. c4 $1 Rxc4 (34... bxc4 35. Ba4+ Ke7 36. Re8+ Kd6 37. Qb6+ $18) 35.
Bxc4 bxc4 36. Qa7+ $18 {with material and positional advantage.}) 33... Bb7 34.
Qe8+ Kd6 35. Qd8+ Kc6 (35... Rd7 $5 36. Qb6+ (36. Qb8+ Kc6) 36... Ke7 $11) 36.
Rg5 Qf4 37. Rg4 Qe3+ 38. Kh2 Kb6 $138 (38... Kb6 39. Qd6+ Bc6 40. a4 $13) 1-0

[Event "EU-chT (Men) 12th"]
[Site "Batumi"]
[Date "1999.12.03"]
[Round "5.4"]
[White "Oral, Tomas"]
[Black "Huzman, Alexander"]
[Result "1/2-1/2"]
[WhiteElo "2541"]
[BlackElo "2581"]
[Annotator "Psakhis,L"]
[PlyCount "46"]
[EventDate "1999.11.06"]
[EventType "team-swiss"]
[EventRounds "9"]
[EventCountry "GEO"]
[SourceTitle "CBM 074"]
[Source "ChessBase"]
[SourceDate "2000.02.01"]
[SourceVersion "1"]
[SourceVersionDate "2000.02.01"]
[SourceQuality "1"]
[WhiteTeam "Czech Republic"]
[BlackTeam "Israel"]
[WhiteTeamCountry "CZE"]
[BlackTeamCountry "ISR"]

1. e4 e6 2. d4 d5 3. Nd2 c5 4. exd5 Qxd5 5. Ngf3 cxd4 6. Bc4 Qd6 7. Qe2 {
This rare move gain some popularity in modern practice. White temporary sac
pawn for quick development, but Black can get nice game without big troubles.}
Nf6 $5 {Alexander Huzman improves his own game- 1,5 year ago he played} (7...
Nc6 {and got unpleasand position after} 8. Ne4 Qc7 9. O-O Nf6 10. Rd1 Be7 11.
Nxd4 O-O 12. Nxc6 bxc6 13. Bg5 Nd5 14. Bxe7 Qxe7 15. Qd2 Rb8 16. b3 $14 {
1-0 Sermek,D-Huzman,A/Dresden zt 1998 (34)}) 8. Nb3 Nc6 9. Bg5 a6 10. O-O-O b5
11. Bd3 Bb7 $5 ({also possible} 11... Bd7 12. Kb1 Rc8 13. Rhe1 Be7 14. Bh4 Qb4
15. Ne5 Nxe5 16. Qxe5 O-O 17. Qxd4 Bc6 18. Bxf6 gxf6 19. Qxb4 Bxb4 20. c3 Be7
$11 {1/2-1/2 Roiz,M-Hari Krishna,P/Istambul ttJ 1998 (28)}) ({or} 11... Be7 $5
12. Kb1 ({Black has nothing to worry about after} 12. Nbxd4 Nxd4 13. Nxd4 Qd5
14. Bxf6 Bxf6 15. Kb1 Qc5 16. Be4 Ra7 17. Bc6+ Kf8 18. Qe3 Kg8 19. Rd2 h5 20.
Be4 g6 21. Rhd1 Rc7 22. Qe2 Kg7 23. g3 h4 $15 {1/2-1/2 Dovliatov,S-Barsov,A/
Abudhabi Masters op 1999 (40)}) 12... Bb7 13. Nbxd4 Nxd4 14. Nxd4 O-O 15. Rhe1
Qxd4 $5 16. Bxh7+ Nxh7 17. Rxd4 Bxg5 18. f4 Bf6 19. Rdd1 g6 $13 {1/2-1/2
Sermek,D-Naumkin,I/Porto San Giorgio op 1999 (26) with nutial chances}) 12.
Nbxd4 Nxd4 13. Nxd4 Qd5 $1 $146 {[%mdl 12] Strong novelty! After} (13... O-O-O
14. Bxb5 $1 axb5 15. Nxb5 Qb4 16. Rxd8+ Kxd8 17. Rd1+ Kc8 18. Rd4 Qa5 19. Qc4+
{1-0 Smagin,S-Levitt,J/Amantea 1993/Inf 58/ (19) White organized decisive
attack}) 14. Bxf6 gxf6 15. Nxb5 $5 {Leads to more or less force draw, but
White hadn,t big choice-black,s chances at least not worse after} (15. Kb1 Rd8
$1 (15... Qe5 16. Nxb5 Qxe2 17. Bxe2 Ke7 18. Nd4 Bxg2 19. Rhg1 $36) 16. Nxb5
Qxg2 17. Nc7+ Ke7 18. Rhg1 Qxh2) 15... Qxa2 $1 16. Nc7+ Ke7 17. Qh5 {[%tqu
"En","Try to find best move for Black","","","f8h6","",5]} Bh6+ $1 18. Qxh6
Qa1+ 19. Kd2 Qa5+ 20. Kc1 (20. Ke2 Qxc7 $15) 20... Qxc7 {Black could repeat
moves, but Huzman decides continue game, but just for few moves.} 21. Rhe1 Bd5
22. Be4 Bxe4 23. Rxe4 Qa5 1/2-1/2

[Event "EU-Cup 19th"]
[Site "Rethymno"]
[Date "2003.10.01"]
[Round "4.2"]
[White "Hracek, Zbynek"]
[Black "Kelly, Brian"]
[Result "1-0"]
[WhiteElo "2584"]
[BlackElo "2487"]
[Annotator "Psakhis,L"]
[PlyCount "55"]
[EventDate "2003.09.28"]
[EventType "team-swiss"]
[EventRounds "7"]
[EventCountry "GRE"]
[SourceTitle "CBM 098"]
[Source "ChessBase"]
[SourceDate "2004.02.03"]
[SourceVersion "1"]
[SourceVersionDate "2004.02.03"]
[SourceQuality "1"]
[WhiteTeam "Werder Bremen"]
[BlackTeam "Barbican"]
[WhiteTeamCountry "GER"]
[BlackTeamCountry "ENG"]

1. e4 e6 2. d4 d5 3. Nd2 c5 4. Ngf3 cxd4 5. exd5 Qxd5 6. Bc4 Qd6 7. O-O Nf6 8.
Re1 Be7 (8... Nc6 9. Ne4 Qd8 10. Bb5 (10. Nxf6+ gxf6 11. Bb5 Bc5 12. a3 Bd7 13.
b4 Bb6 14. Bf4 Ne7 15. Bd3 Bc6 $15 {1-0 Spasov,V-Hug,W/EUR-ch Istanbul 2003/ 
(45)}) 10... Bd7 11. Bg5 Be7 12. Bxf6 Bxf6 13. Nd6+ Ke7 14. Ne4 Qb6 15. Nxf6
gxf6 16. Bxc6 Bxc6 17. Nxd4 Rad8 18. Nxc6+ Qxc6 19. Qe2 {1/2-1/2 Kharlov,
A-Rustemov,A/Russia (ch) 86/(277) 2002/ (19)}) 9. Ne4 Nxe4 (9... Qc7 10. Qxd4
Nc6 11. Nxf6+ Bxf6 12. Qe4 Nd4 13. Bd3 Nxf3+ 14. Qxf3 Bd7 15. Bf4 Qb6 16. Rab1
O-O 17. Be5 $6 Bxe5 18. Rxe5 Bc6 19. Qg3 Rfd8 $11 {1/2-1/2 Emms,J-Speelman,J/
London Simpsons 2003/The Week in Chess 460 (26)}) 10. Rxe4 Nc6 11. Bf4 $5 $146
{Interesting novelty.} ({The main move is} 11. Nxd4 {but lately White has
experienced problems in getting advantage in this line after} e5 $1 (11... O-O
12. Bf4 Qc5 13. Nxc6 Qxc6 14. Bd3 b5 15. a4 a6 16. Re3 $36 {Kasparov,G-Gelfand,
B/Astana 2001/[Kasparov,G,Gelfand,B]/1/2-1/2 (41)}) 12. Bf4 (12. Qf3 $5 Nxd4
13. Qxf7+ Kd8 14. Qxg7 Re8 15. Bf4 Bf6 16. Bg5 Bxg5 17. Qxg5+ Kc7 $15 {Braig,
F-Bibby,S/Bern op 1991/0-1 (40)}) 12... exf4 13. Nxc6 Qxd1+ 14. Rxd1 bxc6 15.
Rde1 Kf8 16. Rxe7 Be6 17. R1xe6 fxe6 18. Rc7 h5 $1 19. Kf1 Rh6 20. Ke2 Rf6 21.
Rxc6 Rd8 $13 {0-1 Efimenko,Z-Petrik,T/Cappelle la Grande op 2003/ (81)}) 11...
Qc5 12. Bd3 Bf6 13. a3 O-O (13... a5 $5) 14. b4 Qh5 $6 (14... Qb6 $5 15. b5 Ne7
) 15. b5 Ne7 16. Be5 $1 {[%csl Rh5]} Nd5 ({Is is quite possible that Black
should have preferred} 16... Bxe5 $5 17. Rxe5 Qh6 18. Nxd4 Ng6 $14) 17. Bxd4
Bxd4 (17... Be7 18. Qd2 $16) 18. Rxd4 Nf6 19. Qd2 (19. Qe2 $5 Qc5 $140 20. Qe5
$36) 19... a6 ({Worth considering} 19... b6 $5 20. Re1 (20. g4 Nxg4 21. Be4 Rb8
22. Rd8 Qc5 $1) (20. Rh4 Qc5) 20... Qc5 21. Qb4 Bb7 22. Ne5 $36 {with
complicated struggle with slightly better prospects for white.}) 20. b6 (20.
Rb1 $5 Bd7 21. Qe3 axb5 $140 22. Ne5 $16 {[%csl Rh5]}) 20... Qc5 21. Re1 (21.
Qb4 $5) 21... Qxb6 22. Ne5 {[%csl Gd2,Gd3,Gd4,Ge1,Ge5]} Nd5 $2 {Black slips up
in a difficult position.} (22... Qc5 23. Rh4 Qxa3 24. Ng4 $1 Qe7 25. Nxf6+ Qxf6
26. Bxh7+ Kh8 {looks extremely dangerous for black, but maybe, white can't win
by force.}) 23. Bxh7+ $3 {[%mdl 512] Exploiting the main drawback of 22...Nd5}
Kxh7 24. Rh4+ Kg8 25. Qd3 {White calmly brings more pieces into attack, making
Black's survival impossible.} g6 (25... Re8 26. Qh7+ Kf8 27. Qh5 (27. Qh8+ Ke7
28. Qxg7 $18) 27... g6 28. Qh7 Ke7 29. Qxf7+ Kd8 30. c4 $18) (25... Rd8 26.
Qh7+ Kf8 27. Qh5 $1 Qc7 28. Rc4 $1 $18) 26. Qh3 Qa5 (26... Kg7 27. Rh7+ Kf6 28.
Nxg6 $1 $18) 27. Rh8+ Kg7 28. Qh6+ (28. Qh6+ Kf6 29. Ng4+ Ke7 30. Qxf8+ Kd7 31.
Ne5+ Kc7 32. Qd8+) 1-0

[Event "EU-Cup 18th"]
[Site "Kallithea"]
[Date "2002.09.28"]
[Round "7.2"]
[White "Tiviakov, Sergei"]
[Black "Huzman, Alexander"]
[Result "1-0"]
[WhiteElo "2628"]
[BlackElo "2591"]
[Annotator "Psakhis,L"]
[PlyCount "103"]
[EventDate "2002.09.22"]
[EventType "team-swiss"]
[EventRounds "7"]
[EventCountry "GRE"]
[SourceTitle "CBM 092"]
[Source "ChessBase"]
[SourceDate "2003.02.06"]
[SourceVersion "1"]
[SourceVersionDate "2003.02.06"]
[SourceQuality "1"]
[WhiteTeam "Skopje Alkaloid"]
[BlackTeam "Beer Sheva"]
[WhiteTeamCountry "MKD"]
[BlackTeamCountry "ISR"]

1. e4 e6 2. d4 d5 3. Nd2 c5 4. exd5 Qxd5 5. Ngf3 cxd4 6. Bc4 Qd6 7. O-O Nf6 8.
Nb3 Nc6 9. Nbxd4 Nxd4 10. Nxd4 a6 11. Bb3 Bd7 12. c3 O-O-O 13. Qf3 $5 ({
Black easy equalize after} 13. Bg5 Qc5 14. Bxf6 gxf6 15. Qf3 Qg5 16. Rad1 Bc5
17. Bc2 f5 18. g3 Qg4 19. Qxg4 fxg4 20. Rfe1 h5 $11 {1/2-1/2 Tiviakov,S-Glek,I/
Bastia Corsica Masters rapid 2001/ (34)}) 13... Qc7 14. Bg5 Bd6 15. h3 Rhg8 ({
Worth considering} 15... Bh2+ 16. Kh1 Be5 {with possible continuation} 17. Rfe1
h6 18. Bh4 Bf4 19. Bxf6 gxf6 20. Re4 Be5 21. Rae1 Kb8 22. Qh5 Bxd4 23. Rxd4 Bc6
{1/2-1/2 Agnos,D-Akopian,V/Ubeda op 1996 (29)}) 16. Rad1 h6 17. Bc1 $5 $146 ({
After} 17. Bh4 g5 $1 18. Qxf6 gxh4 19. Bc2 Bc6 20. Nxc6 Qxc6 21. f3 Qc5+ {
Nunn,J-Buhmann,R/BL 0102 2002/1/2-1/2 (57) Black has nothing to worry about.})
17... Kb8 ({It is interesting what Tiviakov had in mind if Black will play} 
17... Be5 $5 {[%cal Gg7g5] with possible continuation.} 18. Rfe1 g5 19. Qe2
Bh2+ 20. Kh1 Bf4 $11) 18. Rfe1 e5 $5 19. Nc2 {[%cal Gc2b4,Gb4d5,Gc2e3]} Bc6 ({
Maybe} 19... Bb5 20. Nb4 e4 $1 $132 {was better option.}) 20. Qf5 Bd7 21. Qd3
Bb5 22. Qe3 (22. c4 $6 Bc6) 22... Bc6 (22... g5 $5 {[%cal Gg5g4]} 23. a4 Bc6
24. Nb4 $13) 23. Nb4 $1 Bxb4 (23... Be4 24. Nd5 Bxd5 25. Bxd5 Nxd5 26. Rxd5 $14
) 24. cxb4 Rxd1 25. Rxd1 $36 {[%csl Gb3,Gc1][%cal Ga2a4,Gb4b5]} g5 26. a4 $1 {
Unfortunately for Black, the residence of her monarch isn't safe, which White
proves energetically.} Re8 27. b5 $5 axb5 28. axb5 Bxb5 29. Bd2 {[%cal Rd2b4,
Rb4d6] Huzman even won pawn, but now he faces serious threats.} Rd8 (29... Bc4
30. Rc1 Nd5 (30... b5 31. Bxc4 bxc4 32. b3 $16) 31. Qe4 (31. Rxc4 Nxe3 32. Rxc7
Kxc7 33. Bxe3 f5 $14) 31... Bxb3 32. Rxc7 Nxc7 33. Qf5 $16) 30. Ra1 {[%csl Rb8]
} Rd4 (30... b6 31. Bc3 Nd7 32. Bxf7 $18) 31. Ba5 ({White could play} 31. Bxf7
$5 Ne4 (31... Qxf7 $2 32. Qxe5+) 32. Bc3 Nxc3 33. bxc3 Ra4 34. Rb1 Bc6 $14 {
with advantage, but appetite comes with eating and Tiviakov pretends for more.}
) 31... Qd6 (31... b6 32. Bc3 Nd5 33. Qf3 e4 $8 34. Bxd5 Rxd5 35. Qxe4 $16) 32.
Bxf7 Nd5 (32... Rd1+ $5 33. Rxd1 Qxd1+ 34. Kh2 Qd4 35. Bc3 $140 Qxe3 36. fxe3
Nd7 37. Be6 Kc7 $14) 33. Bxd5 $1 Qxd5 34. Bc3 {[%csl Rb8,Gc3]} Bc6 (34... Rd1+
35. Rxd1 Qxd1+ 36. Kh2 Qd5 37. Bxe5+ $16) 35. Qg3 $6 {I don't like this. Simple
} (35. f3 Rd1+ 36. Rxd1 Qxd1+ 37. Kh2 e4 $1 38. fxe4 Qd6+ 39. e5 Qd5 40. Qg3
Kc8 41. b4 $16 {promised a clear advantage to White.}) 35... Rf4 36. Ra5 (36.
f3 $5) 36... b5 $8 37. Kh2 Kb7 (37... h5 $142 $1 38. Qxg5 $140 (38. f3 g4)
38... Rxf2 39. Qxe5+ Qxe5+ 40. Bxe5+ Kc8 $11) 38. b4 Rc4 $6 {Serious mistake,
after} (38... h5 $142 $1 $11 {Black could get equal chances.}) 39. Bxe5 Rxb4
40. Ra3 Ra4 $2 {Second and already decisive mistake.} (40... Rb1 $142 $1 41.
Rd3 Qe4 $14) 41. Rd3 Qf7 42. Rd6 $18 {[%csl Rb7,Rg5,Rh6]} Ra2 43. Rf6 Qd5 44.
Rxh6 b4 45. Rd6 (45. Rf6 $5) 45... Qc5 (45... Qf7 46. Kg1 $5) 46. Bd4 Qf5 47.
Rf6 Qd5 48. Be5 $1 {[%cal Rg3g5]} Re2 $8 49. Rf5 Qc5 (49... b3 50. Rxg5 b2 51.
Bxb2 Qxg2+ 52. Qxg2 Bxg2 53. Kxg2 Rxb2 54. Rd5 $18) 50. Bb8 $1 {Beggining of
the end!} Qe7 51. Rxg5 {This rook had a splendid career in this game} Rxf2 (
51... Qd7 52. Ra5) 52. Qxf2 1-0